000 00274nam a22001097a 4500
008 240715b |||||||| |||| 00| 0 eng d
100 _aPrabhu Das Bharamchari
_917021
245 _aBapu Darshan
260 _aAjmer:
_bSunder Sahitya Pub;
_c1969.
300 _a62p.
942 _cBK
999 _c40366
_d40366